000 00641nam a2200301Ia 4500
005 20260401122425.0
008 008 250103s9999 xx 000 0 eng d
020 _a9780415610193
037 _aTB
040 _aEDL
040 _beng
040 _cEDL
041 _2eng
041 _aeng
084 _a882 KIT
084 _qEDL
100 _aKitto, H.D.F
_91233259
245 0 _aGreek tragedy : literary study
245 0 _cKitto, H.D.F
260 _aLondon
260 _bRoutledge
260 _c2002
300 _a341p
942 _cTB
942 _h882 KIT
999 _c1847186
_d1847186